KOHA-Header-6

Algebra 2. (Record no. 6899)

000 -LEADER
fixed length control field 00241nam a2200109Ia 4500
100 ## - MAIN ENTRY--AUTHOR NAME
Personal name Larson, Roland E.
245 #0 - TITLE STATEMENT
Title Algebra 2.
260 ## - PUBLICATION, DISTRIBUTION, ETC. (IMPRINT)
Place of publication USA
Name of publisher Pearson
Year of publication 1993
300 ## - PHYSICAL DESCRIPTION
Number of Pages 932
942 ## - ADDED ENTRY ELEMENTS (KOHA)
Koha item type Books
Holdings
Withdrawn status Lost status Collection code Permanent Location Current Location Shelving location Date acquired Full call number Accession Number Koha item type
    Mathematics MAJU MAJU Shelf No.A26 2019-09-11 297.23 407 Mathematics

Powered by Koha